Civil engineer's reference book (Record no. 79385)

MARC details
000 -LEADER
fixed length control field 00714nam a2200181 a 4500
008 - FIXED-LENGTH DATA ELEMENTS--GENERAL INFORMATION
fixed length control field 120416s1986 ||||||||||||||||| || u
020 ## - INTERNATIONAL STANDARD BOOK NUMBER
International Standard Book Number 0408704756
050 ## - LIBRARY OF CONGRESS CALL NUMBER
Classification number TA 151 CIV
100 ## - MAIN ENTRY--PERSONAL NAME
Personal name Blake, L. S
245 10 - TITLE STATEMENT
Title Civil engineer's reference book
Statement of responsibility, etc. edited by L. S. Blake
250 ## - EDITION STATEMENT
Edition statement 3rd ed.
260 ## - PUBLICATION, DISTRIBUTION, ETC.
Place of publication, distribution, etc. London
Name of publisher, distributor, etc. Butterworths
Date of publication, distribution, etc. 1986
300 ## - PHYSICAL DESCRIPTION
Extent Various pagings : ill.
350 ## -
-- 0.00
650 ## - SUBJECT ADDED ENTRY--TOPICAL TERM
Topical term or geographic name entry element CITY PLANNING--HANDBOOKS, MANUALS
995 ## -
-- REFERENCE BOOKS
-- 0.00
-- 711019
-- CBU-MAIN LIBRARY (Kitwe)
-- 2
-- 63.00
-- TA 151 Civ
-- 2
-- REFERENCE
-- 023121
-- Reference Collection
995 ## -
-- REFERENCE BOOKS
-- 0.00
-- 720803
-- CBU-MAIN LIBRARY (Kitwe)
-- 1
-- 63.00
-- TA 151 Civ
-- 1
-- REFERENCE
-- 023120
-- Reference Collection
999 ## -
-- 79385
-- 79385
Holdings
Withdrawn status Lost status Source of classification or shelving scheme Damaged status Not for loan Permanent Location Current Location Shelving location Date acquired Total Checkouts Full call number Barcode Date last seen Copy number Price effective from Koha item type
          CBU-MAIN LIBRARY, KITWE. CBU-MAIN LIBRARY, KITWE.   06/29/2023   TA 151 CIV 023121 06/29/2023 1 06/29/2023 REFERENCE COLLECTION
          CBU-MAIN LIBRARY, KITWE. CBU-MAIN LIBRARY, KITWE.   06/29/2023   TA 151 CIV 023120 06/29/2023 2 06/29/2023 REFERENCE COLLECTION